السريع و العابر و المتشظي : مقاربات نقدية في الجمالية المعاصرة / (رقم التسجيلة. 136119)

تفاصيل مارك
000 -LEADER
fixed length control field 00648nac a22001937a 4500
005 - DATE AND TIME OF LATEST TRANSACTION
control field 20251108175525.0
008 - FIXED-LENGTH DATA ELEMENTS--GENERAL INFORMATION
fixed length control field 250721s2017 xx 000 0 ara d
082 14 - DEWEY DECIMAL CLASSIFICATION NUMBER
Classification number 701.17/قصا
100 1# - MAIN ENTRY--PERSONAL NAME
Personal name القصاب، سعد
245 10 - TITLE STATEMENT
Title السريع و العابر و المتشظي : مقاربات نقدية في الجمالية المعاصرة /
264 1# - PRODUCTION, PUBLICATION, DISTRIBUTION, MANUFACTURE, AND COPYRIGHT NOTICE
Place of production, publication, distribution, manufacture الشارقة :
Name of producer, publisher, distributor, manufacturer دائرة الثقافة و الاعلام،
Date of production, publication, distribution, manufacture, or copyright notice 2017.
300 ## - PHYSICAL DESCRIPTION
Extent 204 ص.
650 17 - SUBJECT ADDED ENTRY--TOPICAL TERM
Topical term or geographic name as entry element الفنون
650 17 - SUBJECT ADDED ENTRY--TOPICAL TERM
Topical term or geographic name as entry element علم الجمال
650 17 - SUBJECT ADDED ENTRY--TOPICAL TERM
Topical term or geographic name as entry element النقد الادبي
653 ## - INDEX TERM--UNCONTROLLED
Uncontrolled term الأسس الجمالية
942 ## - ADDED ENTRY ELEMENTS (KOHA)
Source of classification or shelving scheme Dewey Decimal Classification
Koha item type مجموعات
المقتنيات
حالة السحب حالة الفقدان مصدر التصنيف حالة التلف غير قابل للإعارة المكتبة الرئيسية المكتبة الحالية موقع الرف تاريخ التزويد الرقم المتسلسل Total Checkouts رقم الإستدعاء الباركود تاريخ آخر ظهور تاريخ الفاتورة نوع المادة (كوها)
    Dewey Decimal Classification     المكتبة المركزية المكتبة المركزية الإعارة 28/07/2025 1657783   701.17/قصا PLD00404147 28/07/2025 28/07/2025 مجموعات
Implemented & Customized by: BBB with SCIT (Smart Chains for Information Technology)

Powered by Koha